[Event "Escuela Educaterra sim"]
[Site "Internet"]
[Date "2003.06.04"]
[Round "?"]
[White "Karjakin, Sergey"]
[Black "Gonzalez Cicujano, Juan"]
[Result "0-1"]
[WhiteElo "2556"]
[BlackElo "2104"]
[PlyCount "108"]
[EventDate "2003.06.04"]
[EventType "simul"]
[EventRounds "1"]
[EventCountry "ESP"]
[SourceTitle "CBM 094 Extra"]
[Source "ChessBase"]
[SourceDate "2003.07.09"]
[SourceVersion "2"]
[SourceVersionDate "2003.07.09"]
[SourceQuality "1"]

1. e4 e6 2. d4 d5 3. Nc3 Bb4 4. e5 Qd7 5. a3 Bf8 6. Nf3 b6 7. Bb5 c6 8. Ba4 Ba6 9. Ne2 Bxe2 10. Qxe2 b5 11. Bb3 a5 12. c3 Ne7 13. 0-0 h5 14. Nh4 g6 15. Bg5 Bg7 16. Rae1 Na6 17. Bf6 Bxf6 18. exf6 Nf5 19. Nxf5 gxf5 20. Qe5 0-0-0 21. a4 Qc7 22. axb5 cxb5 23. Qe2 Qb6 24. Bc2 Rd7 25. Bd3 Rb7 26. b3 Nb8 27. c4 bxc4 28. bxc4 dxc4 29. Rc1 Rc7 30. Rxc4 Rxc4 31. Bxc4 Qxd4 32. Rc1 Kb7 33. Rb1+ Kc7 34. Rc1 Kb7 35. Rd1 Qc5 36. Rb1+ Ka7 37. Rb5 Qc7 38. Qe3+ Ka8 39. Be2 Nc6 40. Bf3 Rc8 41. Rxa5+ Qxa5 42. h3 Kb8 43. Qb3+ Kc7 44. Bxh5 Rb8 45. Qc2 Qa1+ 46. Kh2 Qxf6 47. Bf3 Rb6 48. g3 e5 49. Bd5 e4 50. Qa2 Qb2 51. Qxb2 Rxb2 52. Kg1 Ne5 53. Kf1 Kd6 54. Ba8 Nd3 0-1